Statistics for RC Deportivo de La Coruña Squad 2017-2018

Click here to take the quiz!

General Stats

  • This quiz has been taken 8 times
  • The average score is 16 of 32

Answer Stats

#PositionNationPlayer% Correct
22MFCosta RicaCelso Borges
100%
25GKRomaniaCostel Pantilimon
86%
24DFSwitzerlandFabian Schär
86%
10FWRomaniaFlorin Andone
86%
-CoachNetherlandsClarence Seedorf
71%
8MFTurkeyEmre Çolak
71%
1GKPolandPrzemysław Tytoń
71%
6DFSpainRaúl Albentosa
71%
13GKSpainRubén Martínez
71%
12DFBrazilSidnei
71%
9FWArgentinaFederico Cartabia
57%
17MFUruguayFederico Valverde
57%
14MFDenmarkMichael Krohn-Dehli
57%
15FWSpainAdrián López
43%
14DFSpainAlejandro Arribas
43%
21FWPortugalBruno Gama
43%
4DFSpainEneko Bóveda
43%
2DFSpainJuanfran Moreno
43%
7FWSpainLucas Pérez
43%
16DFPortugalLuisinho
43%
25GKUkraineMaksím Kóval
43%
5MFSpainPedro Mosquera
43%
18FWBelgiumZakaria Bakkali
43%
11FWSpainCarles Gil
29%
3DFSpainFernando Navarro
29%
20MFBrazilGuilherme
29%
-CoachSpainPepe Mel
29%
19FWSpainBorja Valle
14%
-CoachSpainCristóbal Parralo
14%
4DFSpainSaúl García
14%
21MFGhanaSulley Muntari
14%
23DFSpainGerard Valentín
0%

Score Distribution

Percentile by Number Answered

Percent of People with Each Score

Your Score History

You have not taken this quiz